U.S States with the Shortest Commutes - Statistics

General Stats
  • This quiz has been taken 30 times
  • The average score is 9 of 10
Answer Stats
Time (Minutes) State % Correct
32.4 Wyoming
96%
37.2 Montana
93%
39.4 Kansas
89%
37.6 Nebraska
89%
35.4 North Dakota
89%
34.6 South Dakota
89%
43.4 Arkansas
86%
42.0 Idaho
86%
39.0 Iowa
86%
38.2 Alaska
79%
No matching quizzes found
Score Distribution
Percent of People with Each Score
Percentile by Number Answered
Your Score History
You have not taken this quiz